[Event "Pere Noel U1800"]
[Site "Montreal CAN"]
[Date "2012.12.29"]
[Round "4.18"]
[White "Milosz, Jerzy"]
[Black "Heredia, Jose"]
[Result "1/2-1/2"]
[WhiteElo "1539"]
[BlackElo "1619"]
[PlyCount "96"]
[GameId "2160767909411179"]
[EventDate "2012.12.26"]
[EventType "swiss"]
[EventRounds "5"]
[EventCountry "CAN"]
[SourceTitle "EXT 2022"]
[Source "ChessBase"]
[SourceDate "2021.10.06"]
[SourceVersion "1"]
[SourceVersionDate "2021.10.06"]
[SourceQuality "1"]

1. e4 c6 2. d4 d5 3. Nc3 dxe4 4. Nxe4 Nd7 5. Nf3 Ngf6 6. Nxf6+ Nxf6 7. Be2 e6 8. O-O c5 9. c3 Bd7 10. Ne5 a6 11. Be3 Qc7 12. Nxd7 Nxd7 13. Qa4 Bd6 14. g3 O-O 15. dxc5 Bxc5 16. Bxc5 Nxc5 17. Qh4 Nd7 18. Rad1 Nf6 19. Rd4 Rfd8 20. Rfd1 Rxd4 21. Qxd4 Kf8 22. Bf3 Rb8 23. Qd6+ Qxd6 24. Rxd6 b6 25. b3 Ke7 26. Rd1 a5 27. c4 Rd8 28. Rxd8 Kxd8 29. Kf1 Kc7 30. Ke2 Kd6 31. Kd3 Kc5 32. a3 Nd7 33. Kc3 h6 34. b4+ axb4+ 35. axb4+ Kd6 36. h4 Ke5 37. Bc6 Nb8 38. Bb5 g5 39. hxg5 hxg5 40. f3 f5 41. Kd3 Kd6 42. Kd4 e5+ 43. Ke3 Nc6 44. Bxc6 Kxc6 45. f4 exf4+ 46. gxf4 g4 47. Kf2 Kd6 48. Ke3 Kc6 1/2-1/2

[Event "Pere Noel U1800"]
[Site "Montreal CAN"]
[Date "2012.12.29"]
[Round "4.19"]
[White "Dumoulin, Sylvain"]
[Black "Samikov, Chingis"]
[Result "0-1"]
[WhiteElo "1733"]
[BlackElo "1545"]
[PlyCount "52"]
[GameId "2160767909411180"]
[EventDate "2012.12.26"]
[EventType "swiss"]
[EventRounds "5"]
[EventCountry "CAN"]
[SourceTitle "EXT 2022"]
[Source "ChessBase"]
[SourceDate "2021.10.06"]
[SourceVersion "1"]
[SourceVersionDate "2021.10.06"]
[SourceQuality "1"]

1. Nc3 d5 2. e4 d4 3. Nce2 c5 4. Ng3 e5 5. Bc4 Nc6 6. Nf3 Bg4 7. h3 Bxf3 8. Qxf3 Nf6 9. d3 g6 10. O-O Bg7 11. h4 h5 12. Bg5 O-O 13. Qe2 Qd6 14. f4 exf4 15. Rxf4 Ng4 16. Raf1 Nce5 17. Bd5 Ne3 18. Rf6 Bxf6 19. Rxf6 Qd7 20. Nxh5 Nxd5 21. exd5 Rae8 22. Bh6 Ng4 23. Qd2 Ne3 24. Bxf8 Kxf8 25. Ng3 Kg7 26. Qf2 Ng4 0-1

[Event "Pere Noel U1800"]
[Site "Montreal CAN"]
[Date "2012.12.29"]
[Round "4.20"]
[White "Medawar, Jean-Marc"]
[Black "Gendron, Roger"]
[Result "1/2-1/2"]
[WhiteElo "1697"]
[BlackElo "1541"]
[PlyCount "101"]
[GameId "2160767909411181"]
[EventDate "2012.12.26"]
[EventType "swiss"]
[EventRounds "5"]
[EventCountry "CAN"]
[SourceTitle "EXT 2022"]
[Source "ChessBase"]
[SourceDate "2021.10.06"]
[SourceVersion "1"]
[SourceVersionDate "2021.10.06"]
[SourceQuality "1"]

1. d4 Nf6 2. f4 b6 3. Nf3 Bb7 4. e3 e6 5. Bd3 Be7 6. O-O c5 7. c3 O-O 8. Nbd2 cxd4 9. exd4 Qc7 10. Qc2 g6 11. Ne5 Kg7 12. b3 Nc6 13. Bb2 Rac8 14. Rac1 Nxe5 15. fxe5 Nd5 16. Rfe1 Bg5 17. Ba3 Rfe8 18. Be4 Qxc3 19. Qxc3 Rxc3 20. Rxc3 Nxc3 21. Bxb7 Bxd2 22. Rf1 Be3+ 23. Kh1 Bxd4 24. Bb2 Bxe5 25. Rc1 Nxa2 26. Bxe5+ f6 27. Ra1 fxe5 28. Rxa2 a5 29. Re2 d6 30. Rd2 d5 31. Rc2 Rb8 32. Rc7+ Kh6 33. Bc8 d4 34. Bxe6 Rd8 35. Re7 d3 36. Bg4 d2 37. Bd1 Rd5 38. h4 b5 39. g4 g5 40. Re6+ Kg7 41. hxg5 a4 42. bxa4 bxa4 43. Bxa4 d1=Q+ 44. Bxd1 Rxd1+ 45. Kg2 Rd5 46. Kf3 e4+ 47. Kf4 Rd1 48. Rxe4 Rf1+ 49. Ke5 Kg6 50. Rf4 Re1+ 51. Re4 1/2-1/2

[Event "Pere Noel U1800"]
[Site "Montreal CAN"]
[Date "2012.12.29"]
[Round "4.21"]
[White "Plante, Marc-Eric"]
[Black "Saine, Zachary"]
[Result "1/2-1/2"]
[WhiteElo "1690"]
[BlackElo "1477"]
[PlyCount "108"]
[GameId "2160767909411182"]
[EventDate "2012.12.26"]
[EventType "swiss"]
[EventRounds "5"]
[EventCountry "CAN"]
[SourceTitle "EXT 2022"]
[Source "ChessBase"]
[SourceDate "2021.10.06"]
[SourceVersion "1"]
[SourceVersionDate "2021.10.06"]
[SourceQuality "1"]

1. e4 e5 2. Nf3 Nc6 3. Bb5 Nf6 4. O-O d6 5. d4 exd4 6. Qxd4 Bd7 7. Bxc6 Bxc6 8. Nc3 Be7 9. Bg5 O-O 10. Rfe1 Re8 11. Rad1 Nd7 12. Bxe7 Qxe7 13. Nd5 Bxd5 14. exd5 Qf6 15. Qxf6 Nxf6 16. c4 a5 17. Nd4 Kf8 18. Nb5 Rxe1+ 19. Rxe1 Re8 20. Kf1 Rxe1+ 21. Kxe1 Ne8 22. Ke2 Ke7 23. Ke3 c6 24. dxc6 bxc6 25. Nd4 Kd7 26. Nb3 a4 27. Nd4 Nc7 28. Ne2 Na6 29. Kd4 Nb4 30. a3 Na6 31. Nf4 g5 32. Ne2 f5 33. f3 Ke6 34. g4 c5+ 35. Ke3 fxg4 36. fxg4 d5 37. cxd5+ Kxd5 38. Nc3+ Kc4 39. Nxa4 Kb3 40. Nxc5+ Nxc5 41. Kd4 Ne6+ 42. Ke5 Nf4 43. Kf6 Nh3 44. Kf5 Ka4 45. Kf6 Kb3 46. Kg7 Nf2 47. h3 Nxh3 48. Kh6 Ka4 49. b4 Kb5 50. Kh5 Ka4 51. Kh6 Kb5 52. Kxh7 Nf2 53. Kg6 Nxg4 54. Kxg5 Ne5 1/2-1/2

[Event "Pere Noel U1800"]
[Site "Montreal CAN"]
[Date "2012.12.29"]
[Round "4.22"]
[White "Bergeron, Jean-Guy"]
[Black "Germain, Benoit"]
[Result "0-1"]
[WhiteElo "1557"]
[BlackElo "1684"]
[PlyCount "88"]
[GameId "2160767909411183"]
[EventDate "2012.12.26"]
[EventType "swiss"]
[EventRounds "5"]
[EventCountry "CAN"]
[SourceTitle "EXT 2022"]
[Source "ChessBase"]
[SourceDate "2021.10.06"]
[SourceVersion "1"]
[SourceVersionDate "2021.10.06"]
[SourceQuality "1"]

1. c4 e5 2. g3 Nc6 3. Bg2 f5 4. Nc3 a6 5. e3 Nf6 6. d4 e4 7. f3 Bb4 8. a3 Bxc3+ 9. bxc3 d6 10. Qc2 exf3 11. Nxf3 O-O 12. O-O Bd7 13. Nh4 g6 14. e4 fxe4 15. Bg5 Qe7 16. Bxf6 Rxf6 17. Bxe4 Raf8 18. Bd5+ Kg7 19. Rxf6 Qxf6 20. Bg2 Nxd4 21. Qe4 Nb3 22. Rf1 Qxf1+ 23. Bxf1 Rxf1+ 24. Kg2 Bc6 25. Qxc6 bxc6 26. Kxf1 Nd2+ 27. Ke2 Nxc4 28. Nf3 Kf6 29. Nd4 c5 30. Nc2 Ke6 31. h3 d5 32. Kd3 c6 33. Ke2 Kf5 34. Kd3 h5 35. Ke2 Ke4 36. h4 d4 37. cxd4 cxd4 38. Nb4 Ne5 39. Nxa6 d3+ 40. Kd1 Ke3 41. Nc5 Nc4 42. Nb3 d2 43. Kc2 Nxa3+ 44. Kd1 Nc4 0-1

[Event "Pere Noel U1800"]
[Site "Montreal CAN"]
[Date "2012.12.29"]
[Round "4.23"]
[White "Ollivier, Laurent"]
[Black "Cloutier, Jean-Pierre"]
[Result "0-1"]
[WhiteElo "1464"]
[BlackElo "1568"]
[PlyCount "82"]
[GameId "2160767909411184"]
[EventDate "2012.12.26"]
[EventType "swiss"]
[EventRounds "5"]
[EventCountry "CAN"]
[SourceTitle "EXT 2022"]
[Source "ChessBase"]
[SourceDate "2021.10.06"]
[SourceVersion "1"]
[SourceVersionDate "2021.10.06"]
[SourceQuality "1"]

1. e4 g6 2. d4 Bg7 3. Nf3 d6 4. c4 Nf6 5. Nc3 O-O 6. Bg5 h6 7. Bh4 Nbd7 8. Be2 c5 9. d5 a6 10. a4 Qa5 11. O-O Re8 12. Nd2 Ne5 13. h3 g5 14. Bg3 Ng6 15. Qc2 g4 16. hxg4 Bxg4 17. f3 Nh5 18. Nb3 Qd8 19. Bh2 Bc8 20. f4 Nf6 21. f5 Nf8 22. e5 N6h7 23. e6 Nf6 24. Ne4 N8h7 25. Nbd2 Nxe4 26. Nxe4 Bd4+ 27. Kh1 f6 28. Bh5 Rf8 29. Ra3 Ng5 30. Bf4 Kg7 31. Rg3 Rh8 32. Nd2 b5 33. Nf3 bxc4 34. Nxd4 cxd4 35. Qxc4 Bb7 36. Qxd4 Qa5 37. Bxg5 hxg5 38. Rxg5+ Kf8 39. Rg7 Rxh5+ 40. Kg1 Kxg7 41. Qg4+ Rg5 0-1

[Event "Pere Noel U1800"]
[Site "Montreal CAN"]
[Date "2012.12.29"]
[Round "4.24"]
[White "Baran, Marius"]
[Black "Struben, Jeroen"]
[Result "0-1"]
[WhiteElo "1661"]
[BlackElo "1495"]
[PlyCount "68"]
[GameId "2160767909411185"]
[EventDate "2012.12.26"]
[EventType "swiss"]
[EventRounds "5"]
[EventCountry "CAN"]
[SourceTitle "EXT 2022"]
[Source "ChessBase"]
[SourceDate "2021.10.06"]
[SourceVersion "1"]
[SourceVersionDate "2021.10.06"]
[SourceQuality "1"]

1. d4 Nf6 2. Nf3 c5 3. c3 d5 4. Bf4 Nc6 5. e3 e6 6. Bd3 Be7 7. Nbd2 O-O 8. O-O Nh5 9. Ne5 Nxf4 10. exf4 Nxe5 11. fxe5 Bd7 12. f4 h6 13. Qh5 cxd4 14. cxd4 Qb6 15. Nb3 f5 16. Rf3 Kh8 17. Rg3 Be8 18. Qd1 Rc8 19. Rc1 Ba4 20. Rxc8 Rxc8 21. Be2 Qb4 22. Rd3 Bb5 23. Rd2 Bc4 24. Rc2 Rc6 25. Bxc4 dxc4 26. Nd2 c3 27. bxc3 Rxc3 28. Rxc3 Qxd4+ 29. Kf1 Qxc3 30. Qe2 Qa1+ 31. Kf2 Qxa2 32. Qd3 Bb4 33. Kg3 Qxd2 34. Qb5 Qe3+ 0-1

[Event "Pere Noel U1800"]
[Site "Montreal CAN"]
[Date "2012.12.29"]
[Round "4.25"]
[White "Kay, Sang Kill"]
[Black "Bedard, Michel"]
[Result "0-1"]
[WhiteElo "1515"]
[BlackElo "1640"]
[PlyCount "126"]
[GameId "2160767909411186"]
[EventDate "2012.12.26"]
[EventType "swiss"]
[EventRounds "5"]
[EventCountry "CAN"]
[SourceTitle "EXT 2022"]
[Source "ChessBase"]
[SourceDate "2021.10.06"]
[SourceVersion "1"]
[SourceVersionDate "2021.10.06"]
[SourceQuality "1"]

1. e4 e5 2. Nf3 Nf6 3. Nc3 Nc6 4. Bc4 Be7 5. Nd5 Nxe4 6. b4 d6 7. d4 Nxd4 8. Nxd4 exd4 9. Qxd4 Nf6 10. Bg5 Be6 11. Nxf6+ Bxf6 12. Bxf6 Qxf6 13. Qxf6 gxf6 14. Bd3 Bd5 15. O-O Rg8 16. Rfe1+ Kd7 17. Bf5+ Be6 18. Bxh7 Rg7 19. Be4 Rag8 20. Kh1 f5 21. Bf3 Rh7 22. h3 f4 23. Kh2 Rgh8 24. Kg1 Rg7 25. Kh2 c6 26. a4 d5 27. b5 Bg4 28. Ra3 Be6 29. bxc6+ bxc6 30. Rd3 Kd6 31. Rd4 Rh4 32. Rd3 Bc8 33. Rc3 Ba6 34. Re8 Bc4 35. Ra3 Kc5 36. Rb8 f6 37. Rb1 Rhh7 38. Rb2 Rb7 39. Rxb7 Rxb7 40. h4 Kb4 41. Ra1 Kc3 42. Bd1 Kb2 43. Bg4 Kxa1 44. Bf5 Be2 45. f3 Rg7 46. h5 Rg5 47. Bg6 Bf1 48. Bf7 Rg7 49. Bg6 Kb2 50. Kh3 Kc3 51. Kg4 Bxg2 52. Kf5 Bxf3 53. Kxf6 Rxg6+ 54. hxg6 Be4 55. g7 Bh7 56. Ke5 f3 57. Kd6 f2 58. Kxc6 f1=Q 59. Kxd5 Qf7+ 60. Kc6 Qxg7 61. a5 Be4+ 62. Kb5 Qd7+ 63. Kc5 Qd5# 0-1

[Event "Pere Noel U1800"]
[Site "Montreal CAN"]
[Date "2012.12.29"]
[Round "4.26"]
[White "Yip, William"]
[Black "Rodrigue-Lemieux, Shawn"]
[Result "0-1"]
[WhiteElo "1584"]
[BlackElo "1261"]
[PlyCount "134"]
[GameId "2160767909411187"]
[EventDate "2012.12.26"]
[EventType "swiss"]
[EventRounds "5"]
[EventCountry "CAN"]
[SourceTitle "EXT 2022"]
[Source "ChessBase"]
[SourceDate "2021.10.06"]
[SourceVersion "1"]
[SourceVersionDate "2021.10.06"]
[SourceQuality "1"]

1. d4 d5 2. c4 e5 3. dxe5 d4 4. Nf3 Nc6 5. a3 Bg4 6. Bf4 Qd7 7. Nbd2 O-O-O 8. b4 f6 9. exf6 Nxf6 10. b5 Ne7 11. Ne5 Qe6 12. Nxg4 Qxg4 13. Bg3 h5 14. h3 Qg6 15. Nf3 Nf5 16. Ne5 Qe8 17. Bf4 g5 18. Qc2 d3 19. Nxd3 gxf4 20. Nxf4 Qe4 21. Qxe4 Nxe4 22. e3 Nc3 23. Bd3 Nd6 24. O-O Re8 25. a4 Bg7 26. Ra3 Nce4 27. Re1 b6 28. f3 Nc5 29. Bg6 Re5 30. Rc1 Re7 31. Rc2 h4 32. Bh5 Rh6 33. Bg4+ Kb8 34. Nd5 Re5 35. Nb4 Re8 36. a5 bxa5 37. Nc6+ Kb7 38. Nxa5+ Kb6 39. Kf1 Rf6 40. Ke2 Nf5 41. Bxf5 Rxf5 42. Nb3 Nxb3 43. Rxb3 Rg5 44. Kf2 Bh6 45. e4 Reg8 46. Kf1 Re5 47. Ra3 Bf4 48. Ra6+ Kb7 49. Rca2 Be3 50. Re2 Bb6 51. f4 Rf8 52. f5 Rd8 53. Ke1 Rd4 54. Raa2 Rdxe4 55. f6 Rxe2+ 56. Rxe2 Rf5 57. Re6 Bd4 58. Kd1 Rxf6 59. Re4 Rd6 60. Kc2 Bf6 61. Re3 Kb6 62. Kb3 Bg5 63. Re5 Rd3+ 64. Kb4 Rg3 65. Re2 Be3 66. Ra2 Bc5+ 67. Ka4 Rc3 0-1

[Event "Pere Noel U1800"]
[Site "Montreal CAN"]
[Date "2012.12.29"]
[Round "4.27"]
[White "Ptitsyn, Ihor"]
[Black "Utepova, Alika"]
[Result "0-1"]
[WhiteElo "1519"]
[BlackElo "1409"]
[PlyCount "62"]
[GameId "2160767909411188"]
[EventDate "2012.12.26"]
[EventType "swiss"]
[EventRounds "5"]
[EventCountry "CAN"]
[SourceTitle "EXT 2022"]
[Source "ChessBase"]
[SourceDate "2021.10.06"]
[SourceVersion "1"]
[SourceVersionDate "2021.10.06"]
[SourceQuality "1"]

1. e4 c5 2. d4 cxd4 3. c3 d3 4. Bxd3 Nc6 5. Nf3 d6 6. h3 Nf6 7. O-O e5 8. Bc4 Be7 9. Re1 O-O 10. b4 a6 11. Bg5 Qc7 12. Bxf6 Bxf6 13. Bd5 Bd7 14. a3 b5 15. Qd3 Rac8 16. Nbd2 Ne7 17. Rac1 Nxd5 18. exd5 Be7 19. Nh2 f5 20. c4 bxc4 21. Qxc4 Qb6 22. Qa2 e4 23. g4 Rxc1 24. Rxc1 e3 25. Nc4 exf2+ 26. Qxf2 Qxf2+ 27. Kxf2 fxg4+ 28. Kg3 gxh3 29. Ne3 Bg5 30. Nhg4 Bf4+ 31. Kf3 Bxe3+ 0-1

[Event "Pere Noel U1800"]
[Site "Montreal CAN"]
[Date "2012.12.29"]
[Round "4.28"]
[White "Achkar, Olivier"]
[Black "Steinberg, Ellis"]
[Result "0-1"]
[WhiteElo "1178"]
[BlackElo "1519"]
[PlyCount "93"]
[GameId "2160767909411189"]
[EventDate "2012.12.26"]
[EventType "swiss"]
[EventRounds "5"]
[EventCountry "CAN"]
[SourceTitle "EXT 2022"]
[Source "ChessBase"]
[SourceDate "2021.10.06"]
[SourceVersion "1"]
[SourceVersionDate "2021.10.06"]
[SourceQuality "1"]

1. d4 Nf6 2. c4 g6 3. e3 Bg7 4. Nf3 O-O 5. Bd3 c5 6. O-O cxd4 7. exd4 d5 8. Re1 Bg4 9. h3 Bxf3 10. Qxf3 Nc6 11. Qd1 dxc4 12. Bxc4 Qxd4 13. Qxd4 Nxd4 14. Na3 e6 15. Be3 Rfd8 16. Rad1 Nf5 17. Rxd8+ Rxd8 18. Bxa7 Rd2 19. Re2 Rxe2 20. Bxe2 Nd5 21. Nc4 Nb4 22. a3 Nc6 23. Bb6 Nfe7 24. b4 Nd5 25. Bf3 Nd4 26. Bxd5 exd5 27. Bxd4 dxc4 28. Bxg7 Kxg7 29. Kf1 b5 30. Ke2 Kf6 31. Kd2 Ke5 32. Kc3 Kd5 33. f3 g5 34. g3 h6 35. h4 gxh4 36. gxh4 h5 37. Kd2 Kd4 38. Kc2 c3 39. Kd1 Kc4 40. Kc2 f6 41. a4 bxa4 42. b5 Kxb5 43. Kxc3 Kc5 44. Kc2 Kd4 45. Kb2 Ke3 46. Ka3 Kxf3 47. Kxa4 0-1

[Event "Pere Noel U1800"]
[Site "Montreal CAN"]
[Date "2012.12.29"]
[Round "4.29"]
[White "Ouellet, Maili-Jade"]
[Black "Couture, Gerard"]
[Result "1/2-1/2"]
[WhiteElo "1399"]
[BlackElo "1627"]
[PlyCount "93"]
[GameId "2160767909411190"]
[EventDate "2012.12.26"]
[EventType "swiss"]
[EventRounds "5"]
[EventCountry "CAN"]
[SourceTitle "EXT 2022"]
[Source "ChessBase"]
[SourceDate "2021.10.06"]
[SourceVersion "1"]
[SourceVersionDate "2021.10.06"]
[SourceQuality "1"]

1. d4 d5 2. c4 e6 3. Nc3 c6 4. Nf3 Nf6 5. Bg5 h6 6. Bh4 Be7 7. e3 Nbd7 8. cxd5 exd5 9. Bd3 O-O 10. Qc2 Re8 11. Rb1 c5 12. dxc5 Nxc5 13. Bf5 Bxf5 14. Qxf5 Nce4 15. O-O Nxc3 16. bxc3 b6 17. Rfd1 Rc8 18. Bxf6 Bxf6 19. Rxd5 Qe7 20. Rd7 Qa3 21. Qd5 Rf8 22. h3 Rxc3 23. e4 Rc5 24. Qd2 Rfc8 25. Rb3 Qa5 26. Qxa5 Rxa5 27. a3 Rc1+ 28. Kh2 Rc3 29. Rd8+ Kh7 30. Rxc3 Bxc3 31. Rd7 f6 32. Rd3 Bb2 33. Nh4 Bxa3 34. Rd7 a6 35. Rf7 Kg8 36. Rb7 Rb5 37. Nf5 Bf8 38. Rb8 Kf7 39. Rb7+ Kg6 40. Rb8 Kf7 41. Rb7+ Kg8 42. Rb8 Re5 43. Rxb6 g5 44. Rxa6 Kf7 45. Ra7+ Kg6 46. Ra8 Kf7 47. Ra7+ 1/2-1/2

[Event "Pere Noel U1800"]
[Site "Montreal CAN"]
[Date "2012.12.29"]
[Round "4.30"]
[White "Jacques, Simon"]
[Black "Robert-Ouimet, Jean-Simon"]
[Result "0-1"]
[WhiteElo "1446"]
[BlackElo "963"]
[PlyCount "67"]
[GameId "2160767909411191"]
[EventDate "2012.12.26"]
[EventType "swiss"]
[EventRounds "5"]
[EventCountry "CAN"]
[SourceTitle "EXT 2022"]
[Source "ChessBase"]
[SourceDate "2021.10.06"]
[SourceVersion "1"]
[SourceVersionDate "2021.10.06"]
[SourceQuality "1"]

1. e4 c5 2. Nc3 Nc6 3. f4 d6 4. Nf3 a6 5. Bc4 b5 6. Bd5 Qb6 7. a4 Bb7 8. axb5 axb5 9. Rxa8+ Bxa8 10. d4 e6 11. dxc5 Qxc5 12. Bxc6+ Bxc6 13. Nd4 Bd7 14. Nb3 Qb6 15. Qd4 Qxd4 16. Nxd4 b4 17. Nce2 Nf6 18. Ng3 Be7 19. Bd2 d5 20. e5 Ng4 21. f5 Nxe5 22. Bf4 Nc6 23. Nxc6 Bxc6 24. fxe6 fxe6 25. Nh5 g6 26. Be5 Rf8 27. Ng3 Bc5 28. Rf1 Rxf1+ 29. Kxf1 Ke7 30. Ne2 Bb5 31. Ke1 Bxe2 32. Kxe2 Bd6 33. Bxd6+ Kxd6 34. Kd3 0-1

[Event "Pere Noel U1800"]
[Site "Montreal CAN"]
[Date "2012.12.30"]
[Round "5.17"]
[White "Laferriere, Samuel"]
[Black "Germain, Benoit"]
[Result "1/2-1/2"]
[WhiteElo "1619"]
[BlackElo "1684"]
[PlyCount "85"]
[GameId "2160767909411192"]
[EventDate "2012.12.26"]
[EventType "swiss"]
[EventRounds "5"]
[EventCountry "CAN"]
[SourceTitle "EXT 2022"]
[Source "ChessBase"]
[SourceDate "2021.10.06"]
[SourceVersion "1"]
[SourceVersionDate "2021.10.06"]
[SourceQuality "1"]

1. e4 d6 2. d4 Nf6 3. Nc3 g6 4. Nf3 Bg7 5. h3 O-O 6. Be2 c5 7. dxc5 dxc5 8. Qxd8 Rxd8 9. Be3 b6 10. O-O Bb7 11. Nd2 Nc6 12. f3 Nd4 13. Bd1 Ne8 14. Rb1 Ba6 15. Rf2 Rac8 16. Nd5 Kf8 17. c3 e6 18. Nf4 Nc6 19. Be2 Bxe2 20. Rxe2 Nc7 21. Ree1 Ne5 22. Rbd1 Nd3 23. Nxd3 Rxd3 24. Nc4 Rcd8 25. Rxd3 Rxd3 26. Kf2 Ke7 27. Ke2 Rd8 28. a4 Na6 29. Rd1 Rxd1 30. Kxd1 f6 31. a5 bxa5 32. Nxa5 Kd7 33. Kc2 Bf8 34. Kb3 Be7 35. Kc4 h5 36. Kb5 Nc7+ 37. Ka4 g5 38. Nc4 Kc6 39. b4 Nb5 40. Na5+ Kb6 41. Nc4+ Kc6 42. Na5+ Kb6 43. Nc4+ 1/2-1/2

[Event "Pere Noel U1800"]
[Site "Montreal CAN"]
[Date "2012.12.30"]
[Round "5.18"]
[White "Samikov, Chingis"]
[Black "Saha, Ananda"]
[Result "0-1"]
[WhiteElo "1545"]
[BlackElo "1617"]
[PlyCount "54"]
[GameId "2160767909411193"]
[EventDate "2012.12.26"]
[EventType "swiss"]
[EventRounds "5"]
[EventCountry "CAN"]
[SourceTitle "EXT 2022"]
[Source "ChessBase"]
[SourceDate "2021.10.06"]
[SourceVersion "1"]
[SourceVersionDate "2021.10.06"]
[SourceQuality "1"]

1. d4 d5 2. c4 e6 3. Nc3 Nf6 4. Bg5 h6 5. Bh4 Be7 6. cxd5 Nxd5 7. Bxe7 Qxe7 8. e4 Nxc3 9. bxc3 O-O 10. Nf3 b6 11. Bd3 Bb7 12. O-O Rd8 13. Qe2 c5 14. Rfd1 Nd7 15. e5 a6 16. Be4 Bxe4 17. Qxe4 b5 18. Rd2 Nb6 19. Rc1 c4 20. Rb2 Nd5 21. Nd2 Rac8 22. Qg4 Qa3 23. Rbc2 b4 24. cxb4 c3 25. Ne4 Nxb4 26. Rxc3 Qxc1+ 27. Rxc1 Rxc1+ 0-1

[Event "Pere Noel U1800"]
[Site "Montreal CAN"]
[Date "2012.12.30"]
[Round "5.19"]
[White "Cloutier, Jean-Pierre"]
[Black "Milosz, Jerzy"]
[Result "0-1"]
[WhiteElo "1568"]
[BlackElo "1539"]
[PlyCount "94"]
[GameId "2160767909411194"]
[EventDate "2012.12.26"]
[EventType "swiss"]
[EventRounds "5"]
[EventCountry "CAN"]
[SourceTitle "EXT 2022"]
[Source "ChessBase"]
[SourceDate "2021.10.06"]
[SourceVersion "1"]
[SourceVersionDate "2021.10.06"]
[SourceQuality "1"]

1. e4 c6 2. d4 d5 3. e5 Bf5 4. Nc3 e6 5. g4 Bg6 6. Bg2 Bb4 7. Nge2 h6 8. Nf4 Bh7 9. Nh5 Bf8 10. h4 g6 11. Ng3 Be7 12. g5 hxg5 13. hxg5 Bxg5 14. Bxg5 Qxg5 15. Qf3 f5 16. Rh2 Nd7 17. Nce2 Qe7 18. O-O-O O-O-O 19. Rdh1 Qf7 20. Nf4 g5 21. Nxe6 Qxe6 22. Rxh7 Rxh7 23. Rxh7 Rf8 24. Kd2 Qg6 25. Qh5 Qxh5 26. Rxh5 f4 27. Nf1 g4 28. f3 g3 29. Bh3 Kd8 30. Rh7 Ne7 31. Ke2 Rg8 32. Bg2 Nf5 33. c3 Rg7 34. Rh5 Ne7 35. Rh4 Ng6 36. Rg4 Ndf8 37. b3 Ke7 38. c4 Rh7 39. Nxg3 fxg3 40. Rxg3 Nf4+ 41. Ke3 N8g6 42. Rg4 Rh4 43. Bf1 Rxg4 44. fxg4 Ne6 45. cxd5 cxd5 46. Bd3 Kf7 47. a4 Ngf4 0-1

[Event "Pere Noel U1800"]
[Site "Montreal CAN"]
[Date "2012.12.30"]
[Round "5.20"]
[White "Saine, Zachary"]
[Black "Heredia, Jose"]
[Result "0-1"]
[WhiteElo "1477"]
[BlackElo "1782"]
[PlyCount "66"]
[GameId "2160767909411195"]
[EventDate "2012.12.26"]
[EventType "swiss"]
[EventRounds "5"]
[EventCountry "CAN"]
[SourceTitle "EXT 2022"]
[Source "ChessBase"]
[SourceDate "2021.10.06"]
[SourceVersion "1"]
[SourceVersionDate "2021.10.06"]
[SourceQuality "1"]

1. e4 c6 2. d4 d5 3. Nc3 dxe4 4. Nxe4 Nd7 5. Nf3 Ngf6 6. Ng3 e6 7. Bd3 c5 8. Be3 Qc7 9. O-O b6 10. c4 cxd4 11. Bxd4 Bb7 12. Re1 Be7 13. Qc2 O-O 14. Nf5 Bc5 15. Bxf6 Nxf6 16. Ng3 Bxf3 17. gxf3 Qf4 18. Be4 Rad8 19. Rad1 h5 20. Kh1 Bd6 21. Rg1 Be5 22. Rg2 Nxe4 23. fxe4 h4 24. Nf1 Qf3 25. Rxd8 Rxd8 26. Kg1 h3 27. Rg5 Bf4 28. Rg3 Bxg3 29. fxg3 Rd1 30. Qf2 Qxe4 31. b3 Re1 32. Qd2 Rxf1+ 33. Kxf1 Qh1+ 0-1

[Event "Pere Noel U1800"]
[Site "Montreal CAN"]
[Date "2012.12.30"]
[Round "5.21"]
[White "Struben, Jeroen"]
[Black "Medawar, Jean-Marc"]
[Result "0-1"]
[WhiteElo "1495"]
[BlackElo "1697"]
[PlyCount "72"]
[GameId "2160767909411196"]
[EventDate "2012.12.26"]
[EventType "swiss"]
[EventRounds "5"]
[EventCountry "CAN"]
[SourceTitle "EXT 2022"]
[Source "ChessBase"]
[SourceDate "2021.10.06"]
[SourceVersion "1"]
[SourceVersionDate "2021.10.06"]
[SourceQuality "1"]

1. d4 f5 2. g3 e6 3. Bg2 d5 4. Nf3 c6 5. c4 dxc4 6. Nc3 Nf6 7. Ne5 Bb4 8. O-O Nd5 9. e4 Ne7 10. Bg5 O-O 11. Nxc4 h6 12. Bf4 Ng6 13. Be5 Nxe5 14. Nxe5 Qc7 15. Qb3 Be7 16. Rfd1 Nd7 17. exf5 Nxe5 18. dxe5 Qxe5 19. Bh3 Kh8 20. Re1 Qf6 21. Ne4 Qf7 22. fxe6 Qh5 23. Bg2 Qf5 24. Rad1 Rb8 25. Qe3 Bxe6 26. Nd6 Bxd6 27. Rxd6 Bxa2 28. Qxa7 b6 29. Rd2 Rbd8 30. Be4 Qc5 31. b4 Qxb4 32. Rde2 Bc4 33. Rb1 Bxe2 34. Rxb4 Rd1+ 35. Kg2 Bf1+ 36. Kh1 Bh3# 0-1

[Event "Pere Noel U1800"]
[Site "Montreal CAN"]
[Date "2012.12.30"]
[Round "5.22"]
[White "Gendron, Roger"]
[Black "Plante, Marc-Eric"]
[Result "1-0"]
[WhiteElo "1541"]
[BlackElo "1690"]
[PlyCount "65"]
[GameId "2160767909411197"]
[EventDate "2012.12.26"]
[EventType "swiss"]
[EventRounds "5"]
[EventCountry "CAN"]
[SourceTitle "EXT 2022"]
[Source "ChessBase"]
[SourceDate "2021.10.06"]
[SourceVersion "1"]
[SourceVersionDate "2021.10.06"]
[SourceQuality "1"]

1. c4 Nf6 2. Nc3 e6 3. g3 d5 4. b3 d4 5. Na4 Bd7 6. Nb2 Bc6 7. Nf3 Be7 8. Bg2 e5 9. O-O e4 10. Ne1 O-O 11. Qc2 Re8 12. c5 Na6 13. d3 Bxc5 14. Bg5 Be7 15. Qc4 Qd5 16. Qc1 Qe6 17. Nc2 Rad8 18. e3 Bc5 19. exd4 Bxd4 20. Nxd4 Rxd4 21. Re1 Qd7 22. Bxf6 gxf6 23. Qf4 Qd6 24. Qg4+ Kh8 25. dxe4 Nc5 26. Nc4 Qd8 27. Qh5 Nxe4 28. Qxf7 Ng5 29. Bxc6 Nxf7 30. Rxe8+ Kg7 31. Rxd8 Nxd8 32. Bg2 b6 33. Ne3 1-0

[Event "Pere Noel U1800"]
[Site "Montreal CAN"]
[Date "2012.12.30"]
[Round "5.23"]
[White "Rodrigue-Lemieux, Shawn"]
[Black "Dumoulin, Sylvain"]
[Result "0-1"]
[WhiteElo "1261"]
[BlackElo "1733"]
[PlyCount "70"]
[GameId "2160767909411198"]
[EventDate "2012.12.26"]
[EventType "swiss"]
[EventRounds "5"]
[EventCountry "CAN"]
[SourceTitle "EXT 2022"]
[Source "ChessBase"]
[SourceDate "2021.10.06"]
[SourceVersion "1"]
[SourceVersionDate "2021.10.06"]
[SourceQuality "1"]

1. e4 e6 2. d4 d5 3. Nc3 Nf6 4. Bg5 Bb4 5. e5 h6 6. exf6 hxg5 7. fxg7 Rg8 8. Qh5 Qf6 9. Qd1 Qxg7 10. Bd3 c5 11. Nge2 c4 12. Bxc4 dxc4 13. Qd2 Bd7 14. O-O-O Bc6 15. f3 Nd7 16. Qe3 O-O-O 17. d5 Bc5 18. Qd2 Nb6 19. Ne4 Rxd5 20. Qe1 Rxd1+ 21. Qxd1 Rd8 22. Qe1 Bxe4 23. fxe4 Be3+ 24. Kb1 Bd2 25. Qf2 Na4 26. c3 b6 27. Nd4 Nxc3+ 28. bxc3 Bxc3 29. Nb5 Rd2 30. Qg3 Rb2+ 31. Kc1 Rxb5 32. Rd1 Be5 33. Qf3 Bf4+ 34. Rd2 Qb2+ 35. Kd1 Qxd2# 0-1